Profilaxis de la difteria (Record no. 166380)

MARC details
000 -LEADER
campo de control de longitud fija 00937nam a22002175i 4500
001 - NÚMERO DE CONTROL
campo de control 166380
003 - IDENTIFICADOR DE NÚMERO DE CONTROL
campo de control ES-MaACL
005 - FECHA Y HORA DE LA ÚLTIMA TRANSACCIÓN
campo de control 20230906213324.0
008 - DATOS DE LONGITUD FIJA--INFORMACIÓN GENERAL
campo de control de longitud fija 020917s1884 sp |||| | spa d
100 1# - ENTRADA PRINCIPAL--NOMBRE DE PERSONA
Nombre de persona Tolosa Latour, Manuel,
Fechas asociadas al nombre 1857-1919
9 (RLIN) 110485
245 10 - MENCIÓN DEL TÍTULO
Título Profilaxis de la difteria
Resto del título : comunicación leída el día 17 de abril de 1884 ante la Sociedad Española de Higiene /
Mención de responsabilidad, etc. Doctor Tolosa Latour.
260 ## - PUBLICACIÓN, DISTRIBUCIÓN, ETC.
Lugar de publicación, distribución, etc. Madrid :
Nombre del editor, distribuidor, etc. [s.n.],
Fecha de publicación, distribución, etc. 1884 (
Fabricante Imp. de Enrique Teodoro)
300 ## - DESCRIPCIÓN FÍSICA
Extensión 16 p. ;
Dimensiones 24 cm.
530 ## - NOTA DISPONIBLE DE FORMULARIO FÍSICO ADICIONAL
Nota de formato físico adicional disponible Disponible en formato digital.
650 #4 - PUNTO DE ACCESO ADICIONAL DE MATERIA--TÉRMINO DE MATERIA
Término de materia o nombre geográfico como elemento de entrada Difteria.
9 (RLIN) 135926
710 2# - ENTRADA AGREGADA--NOMBRE DE ENTIDAD CORPORATIVA
Nombre de entidad corporativa o nombre de jurisdicción como elemento de entrada Sociedad Española de Higiene.
9 (RLIN) 6725
852 ## - LOCALIZACIÓN
Ubicación ES-MaACL
Número de control de estantería T-381-F-11
Nota libre - Enc. hol.
-- - Enc. en un vol. facticio
852 ## - LOCALIZACIÓN
Ubicación ES-MaACL
Número de control de estantería T-621-F-13
Nota libre - Enc. hol.
-- - Enc. en un vol. facticio
856 ## - LOCALIZACIÓN Y ACCESO ELECTRÓNICOS
Identificador Uniforme de Recursos <a href="http://bdh-rd.bne.es/viewer.vm?id=0000083597&page=1 ">http://bdh-rd.bne.es/viewer.vm?id=0000083597&page=1 </a>
Nota pública Biblioteca Digital Hispánica
Holdings
Estatus retirado Estado de pérdida Estado de daño No para préstamo Colección Biblioteca de origen Biblioteca actual Ubicación en estantería Fecha de adquisición Total de préstamos Signatura topográfica completa Código de barras Visto por última vez Precio de reemplazo Tipo de ítem Koha
        Colección de folletos Biblioteca del Ateneo de Madrid Biblioteca del Ateneo de Madrid Depósito folletos 17/01/2008   T-621-F-13 1174498 23/02/2023 23/02/2023 Folleto
        Colección de folletos Biblioteca del Ateneo de Madrid Biblioteca del Ateneo de Madrid Depósito folletos 17/01/2008   T-381-F-11 1174497 23/02/2023 23/02/2023 Folleto